000 00430nam a2200205Ia 4500
001 001067
003 YMCAF
005 20230512160046.0
008 100717s1971 ||||||||||||||||| ||und|d
024 _a1067
035 _a1049
040 _aYMCAF
_beng
_cIN-KoLT
041 _aeng
082 _aWIR-IS
100 _aIS/ 1568-1970
245 0 _aWIRE COTH FOR GENERAL PURPOSE
260 _c1971
300 _a8
942 _2ddc
_cBK
999 _c854
_d854